Statistiques concernant Les 10 pays qui ont exécuté le plus de condamnés à mort en 2016

Cliquez ici pour prendre le quiz!

Statistiques générales

  • Ce quiz a été pris 100 fois
  • Le résultat moyen est 7 sur 10

Statistiques - réponses

Nb. d'exécutionsPays% Correct
Plusieurs milliersChine
98%
20Etats Unis
96%
567Iran
81%
88Irak
77%
154Arabie Saoudite
75%
87Pakistan
68%
44Egypte
53%
9Malaisie
40%
10Bangladesh
33%
14Somalie
31%

Distribution des résultats

Percentile par nombre de réponses

% des personnes avec chaque résultat

Votre développement - résultats

Vous n’avez pas pris ce quiz